Countries Noah Schnapp has Visited - Statistics

General Stats
  • This quiz has been taken 18 times
  • The average score is 9 of 11
Answer Stats
Continent Country % Correct
South America Brazil
86%
Europe France
86%
Europe Spain
86%
Europe United Kingdom
86%
North America United States of America
86%
Europe Germany
79%
Asia Israel
79%
South America Colombia
71%
South America Chile
64%
South America Peru
64%
Europe Portugal
64%
No matching quizzes found
Score Distribution
Percent of People with Each Score
Percentile by Number Answered
Your Score History
You have not taken this quiz